000 00961cam a22002777a 4500
003 CHAP
005 20220329134705.0
008 971013s1966 r 00010 d
010 _a24250
011 _a25222
035 _a29322
040 _cCHAP
082 _a631.8
_bI5
245 1 3 _aLa industria de los fertilizantes en México. Aportación a su estudio e integración
260 _aMéxico, D.F. :
_b(Fertilizantes del Istmo, S.A.),
_c(1966)
300 _a95 p.
_b; anexos
590 _aBATCH-UPD
_b10
_c20130110
_lUCH01
_h0021
590 _aBATCH-UPD
_b10
_c20130409
_lUCH01
_h2001
590 _aBATCH-UPD
_b10
_c20130914
_lUCH01
_h1359
590 _aCONVERSION
_b10
_c20130109
_lUCH01
_h1314
650 1 4 _aFertilizantes
_xAspectos económicos
_xMéxico.
_940462
901 _aBK
942 _cLIBRO
949 _a631.8 I5
_bBC
_cLIBRO
_d33724000171062
_eLIBRO
_h21959
_i29322
_mD
_si
949 _a631.8 I5
_bBC
_cLIBRO
_d33724000830345
_eLIBRO
_fc.2
_h12183
_i29322
_mD
_si
999 _c24250
_d24250